01138nam a22003014a 4500001001100000003000800011006001900019007001500038008004100053010001700094020001500111020002200126040002100148035002000169050002600189082001400215100001500229245008200244260004400326300002200370504006600392533015200458650002900610650002600639655002900665710001700694856012500711ebr5003280CaPaEBRm u cr cn|||||||||990329s1999 enka sb 001 0 eng  z 99028165  z0415162580 z0415162599 (pbk.) aCaPaEBRcCaPaEBR a(OCoLC)4813990114aHD75.6b.C6413 1999eb04a333.72211 aCole, Ken.10aEconomy-environment-development-knowledgeh[electronic resource] /cKen Cole. aLondon ;aNew York :bRoutledge,c1999. ax, 302 p. :bill. aIncludes bibliographical references (p. [273]-296) and index. aElectronic reproduction.bPalo Alto, Calif. :cebrary,d2013.nAvailable via World Wide Web.nAccess may be limited to ebrary affiliated libraries. 0aEnvironmental economics. 0aEconomic development. 7aElectronic books.2local2 aebrary, Inc.40uhttp://site.ebrary.com/lib/rucke/Doc?id=5003280zAn electronic book accessible through the World Wide Web; click to view